000 00303nam a2200121Ia 4500
005 20251222143116.0
008 251222s9999||||xx |||||||||||||| ||spa||
082 _a914/D87
100 _aDollfus, Oliver
245 0 _aEl Reto del Espacio Andino
264 _bInstituto de Estudios Peruanos
942 _cLIB
999 _c11350
_d11350